ARRUPE JESUIT UNIVERSITY

CORONAVIRUS -STOP THE SPREAD - CLEAN,DISINFECT,COVER

Man a machine ; and, Man a plant / (Record no. 119576)

MARC details
000 -LEADER
fixed length control field 01374pam a2200349 a 4500
001 - CONTROL NUMBER
control field 2069672
003 - CONTROL NUMBER IDENTIFIER
control field ARRUPE
005 - DATE AND TIME OF LATEST TRANSACTION
control field 20140116135808.0
008 - FIXED-LENGTH DATA ELEMENTS--GENERAL INFORMATION
fixed length control field 940629s1994 inu b 000 0 eng
010 ## - LIBRARY OF CONGRESS CONTROL NUMBER
LC control number 94029259
020 ## - INTERNATIONAL STANDARD BOOK NUMBER
International Standard Book Number 0872201953
020 ## - INTERNATIONAL STANDARD BOOK NUMBER
International Standard Book Number 0872201945 (pbk.)
040 ## - CATALOGING SOURCE
Original cataloging agency DLC
Transcribing agency DLC
Modifying agency DLC
041 1# - LANGUAGE CODE
Language code of text/sound track or separate title eng
Language code of original and/or intermediate translations of text fre
050 00 - LIBRARY OF CONGRESS CALL NUMBER
Classification number B2063
Item number .H513 1994
300 ## - PHYSICAL DESCRIPTION
Dimensions 22 cm.
100 1# - MAIN ENTRY--PERSONAL NAME
Personal name La Mettrie, Julien Offray de,
Dates associated with a name 1709-1751.
9 (RLIN) 6676
240 10 - UNIFORM TITLE
Uniform title <a href="Homme machine.">Homme machine.</a>
Language of a work English
245 10 - TITLE STATEMENT
Title Man a machine ; and, Man a plant /
Statement of responsibility, etc Julien Offray de La Mettrie ; translated by Richard A. Watson and Maya Rybalka ; introduction and notes by Justin Leiber.
260 ## - PUBLICATION, DISTRIBUTION, ETC. (IMPRINT)
Place of publication, distribution, etc Indianapolis :
Name of publisher, distributor, etc Hackett Pub. Co.,
Date of publication, distribution, etc c1994.
300 ## - PHYSICAL DESCRIPTION
Extent 92 p. ;
504 ## - BIBLIOGRAPHY, ETC. NOTE
Bibliography, etc Includes bibliographical references.
650 #0 - SUBJECT ADDED ENTRY--TOPICAL TERM
Topical term or geographic name as entry element Materialism
General subdivision Early works to 1800.
9 (RLIN) 6677
650 #0 - SUBJECT ADDED ENTRY--TOPICAL TERM
Topical term or geographic name as entry element Physiology
General subdivision Early works to 1800.
9 (RLIN) 6678
650 #0 - SUBJECT ADDED ENTRY--TOPICAL TERM
Topical term or geographic name as entry element Mind and body
General subdivision Early works to 1800.
9 (RLIN) 6679
650 #0 - SUBJECT ADDED ENTRY--TOPICAL TERM
Topical term or geographic name as entry element Mechanism (Philosophy)
General subdivision Early works to 1800.
9 (RLIN) 6680
700 1# - ADDED ENTRY--PERSONAL NAME
Personal name La Mettrie, Julien Offray de,
Dates associated with a name 1709-1751.
Title of a work Homme plante.
Language of a work English.
9 (RLIN) 6681
700 1# - ADDED ENTRY--PERSONAL NAME
Personal name Leiber, Justin.
9 (RLIN) 6682
740 0# - ADDED ENTRY--UNCONTROLLED RELATED/ANALYTICAL TITLE
Uncontrolled related/analytical title Man, a plant.
906 ## - LOCAL DATA ELEMENT F, LDF (RLIN)
a 7
b cbc
c orignew
d 1
e ocip
f 19
g y-gencatlg
942 ## - ADDED ENTRY ELEMENTS (KOHA)
Source of classification or shelving scheme Library of Congress Classification
Koha item type Monograph ( Printed materials)
Holdings
Withdrawn status Lost status Source of classification or shelving scheme Damaged status Not for loan Collection code Home library Current library Shelving location Date acquired Total Checkouts Full call number Barcode Date last seen Price effective from Koha item type
    Library of Congress Classification     Main Collection ARRUPE LIBRARY ARRUPE LIBRARY Main Collection 16/01/2014   B2063 .H513 1994 464122383 16/01/2014 16/01/2014 Monograph ( Printed materials)

 

Arrupe Library. PO Box MP320 Mt Pleasant, Harare, Zimbabwe
263 242 745411|librarian@aju.ac.zw